000 00312nam a22001337a 4500
008 170306b xxu||||| |||| 00| 0 eng d
020 _a0721661157
041 _aeng
080 _25TH
_a611
100 _a6
101 _aSHM
245 _aRECOGNIZABLE PATTERNS OF HUMAN MALFORMATION
_cJONES, K.L
942 _2udc
_cBK
999 _c6922
_d6922